New Zealand Institute of Quantity Surveyors (Record no. 119612)

MARC details
000 -LEADER
fixed length control field 00638cam a2200181 4500
001 - CONTROL NUMBER
control field WS108077
008 - FIXED-LENGTH DATA ELEMENTS--GENERAL INFORMATION
fixed length control field 000000n 000 0 eng u
035 ## - SYSTEM CONTROL NUMBER
System control number (Sirsi) u108077
110 ## - MAIN ENTRY--CORPORATE NAME
Corporate name or jurisdiction name as entry element New Zealand Institute of Quantity Surveyors
9 (RLIN) 545
245 ## - TITLE STATEMENT
Title New Zealand Institute of Quantity Surveyors
520 ## - SUMMARY, ETC.
Summary, etc. Organisational site including access to their journal 'NZIQS News' and good career advice.
650 ## - SUBJECT ADDED ENTRY--TOPICAL TERM
Topical term or geographic name entry element NEW ZEALAND
650 ## - SUBJECT ADDED ENTRY--TOPICAL TERM
Topical term or geographic name entry element QUANTITY SURVEYORS
650 ## - SUBJECT ADDED ENTRY--TOPICAL TERM
Topical term or geographic name entry element ORGANISATION
690 ## - LOCAL SUBJECT ADDED ENTRY--TOPICAL TERM (OCLC, RLIN)
Topical term or geographic name as entry element INTERNATIONAL-AUSTRALASIA
856 40 - ELECTRONIC LOCATION AND ACCESS
Uniform Resource Identifier <a href="https://www.nziqs.co.nz">https://www.nziqs.co.nz</a>
Public note View the website free of charge at www.nziqs.co.nz...
942 ## - ADDED ENTRY ELEMENTS (KOHA)
Suppress in OPAC 0
Holdings
Withdrawn status Lost status Source of classification or shelving scheme Damaged status Not for loan Home library Current library Shelving location Date acquired Total Checkouts Full call number Barcode Date last seen Copy number Price effective from Koha item type
    Dewey Decimal Classification     Virtual Virtual Online 30/08/2000   WEB SITE 108077-2001 06/08/2019 1 06/08/2019 Online material